Schnelle Mathematik - Multiplikation zur Basis 12 Level 02 - Statistiken

Allgemein
  • Dieses Quiz wurde 54 mal gespielt
  • Das Durchschnittsergebnis liegt bei 17 aus 20
Antwortstatistiken
Frage Antwort % Korrekt
0⋅4 0
100%
4⋅0 0
100%
1⋅3 3
100%
0⋅0 0
90%
1⋅4 4
90%
4⋅1 4
90%
0⋅3 0
89%
1⋅0 0
89%
1⋅1 1
89%
3⋅2 6
89%
0⋅1 0
88%
3⋅0 0
88%
2⋅1 2
88%
2⋅4 8
88%
1⋅2 2
86%
2⋅2 4
86%
3⋅1 3
82%
3⋅3 9
82%
4⋅2 8
78%
0⋅2 0
75%
2⋅0 0
75%
2⋅3 6
75%
4⋅3 10
63%
4⋅4 14
60%
3⋅4 10
50%
Keine übereinstimmenden Quizze gefunden
Verteilung der Resultate
Anzahl Personen mit jedem Resultat
Perzentil nach korrekt beantworteten Fragen
Ihre Resultats-Entwicklung
Sie haben dieses Quiz noch nicht gespielt